000 01082nam a22003257a 4500
003 CHAP
005 20220329141721.0
008 971013s1993 r 00010 d
010 _a72731
011 _a73703
035 _a83261
040 _cCHAP
090 _aTesis
100 0 0 _aToledo Rosas, Oscar.
_9113632
245 _aEvaluación de cuatro variedades de betabel para mesa (Beta vulgaris L.) en Tlalpizahuac, Méx.
260 _aChapingo, Méx. :
_bEl autor,
_c1993
300 _a65 h.
502 _aTesis (Ing. Agr. Fitotecnista) -- UACH. Departamento de Fitotecnia
590 _aALEPH
_b10
_c20130110
_lUCH01
_h1414
590 _aBATCH-UPD
_b10
_c20130110
_lUCH01
_h0127
590 _aBATCH-UPD
_b10
_c20130110
_lUCH01
_h2058
590 _aBATCH-UPD
_b10
_c20130410
_lUCH01
_h1411
590 _aBATCH-UPD
_b10
_c20130914
_lUCH01
_h2000
590 _aCONVERSION
_b10
_c20130109
_lUCH01
_h1340
650 1 4 _aRemolacha
_xVariedades.
_995867
650 1 4 _aRemolacha
_zMéxico (Edo.).
_995868
901 _aBK
942 _cTESIS
949 _bBC
_cTES
_d-37742
_eTS1
_h30106
_i83261
_si
999 _c72731
_d72731